| 000 | 00439nam a2200169Ia 4500 | ||
|---|---|---|---|
| 008 | 210719s1998 xx 000 0 und d | ||
| 020 | _a8176490008 | ||
| 041 | _aeng | ||
| 082 | _a574.19214 BERB | ||
| 100 | _aBERTINI (Ivano) and Others. | ||
| 245 | _aBioinorganic Chemistry. | ||
| 260 |
_aND _bViva Books Pvt Ltd. _c1998 |
||
| 300 |
_aviii,611 _bPB |
||
| 365 |
_b395 _cRs |
||
| 650 | _aBiochemistry | ||
| 906 | _aBioinorganic chemistry | ||
| 999 |
_c213761 _d213761 |
||